| 000 | 00755nam a22002057a 4500 | ||
|---|---|---|---|
| 999 |
_c11420 _d11420 |
||
| 003 | AR-CdUCM | ||
| 008 | 190402b ||||| |||| 00| 0 spa d | ||
| 020 | _a9972-625-16-6 | ||
| 040 |
_aMUNICIPALIDAD PROVINCIAL DEL CUSCO _cBIBLIOTECA MUNICIPAL DEL CUSCO |
||
| 082 |
_aES / 510 / _bC97 / |
||
| 110 |
_aLexus. _928773 |
||
| 245 | _aCurso practico de matemáticas / | ||
| 260 |
_aEspaña : _bLexus editores. _c1999. |
||
| 300 |
_a585 páginas _c27 cm. |
||
| 505 | _aContenido: Operaciones con números naturales -- Múltiplos y divisores de un numero natural -- Aritmética y calculo -- Ecuaciones y sistema de ecuaciones -- Álgebra ... | ||
| 650 |
_aMatemática pura _920304 |
||
| 650 |
_aEnciclopedia _918075 |
||
| 942 |
_2ddc _cLIBROS |
||
| 945 | _arum | ||